| 000 | 00767nam a2200241 a 4500 | ||
|---|---|---|---|
| 001 | 13232 | ||
| 003 | BD-RjUL | ||
| 005 | 20211208235425.0 | ||
| 008 | 140130r19481942enkaf 000 0 eng d | ||
| 035 | _a(BD-RjUL)13283 | ||
| 040 |
_aVDU _beng _cVDU _dVDU _dBD-RjUL |
||
| 041 | _aeng | ||
| 082 | 0 | 4 |
_220 _a621.165 _bPAS 1948 |
| 100 | 1 |
_aParsons, R. H. _q(Robert Hodson) _941212 |
|
| 245 | 1 | 4 |
_aThe steam turbine : _band other inventions of Sir Charles Parsons, O.M. / _cby R. H. Parsons. |
| 250 | _aNew ed. | ||
| 260 |
_aLondon : _bLongmans, Green, _c1946. |
||
| 300 |
_a32 p., [2] p. of plates : _bill. ; _c23 cm. |
||
| 600 | 1 | 0 |
_aParsons, Charles, _cSir, _d1854-1931. _941223 |
| 650 | 0 |
_aSteam-turbines. _941215 |
|
| 942 |
_2ddc _cBK |
||
| 999 |
_c13232 _d13232 |
||